000 00601nam a22002297a 4500
003 UA-OsUOA
001 49335
007 ta
008 20071002b un ||||| |||| 00| 0 ukr d
100 _aЗимсь А.
090 _a85
_bЗ-62
942 _cBK
040 _aUA-OsUOA
_brus
_cUA-OsUOA
_dUA-OsUOA
245 _aВиды искусства
300 _a126 с.
955 _a2
041 _arus
080 _a85
260 _aМ.
_bЗнання
_c1979
650 7 _a8 Мовознавство. Художня література. Літературознавство
_2UDC
999 _c335437
_d335437